00405nam a22001337a 4500082001200000100001600012245003900028260003600067300000800103650001800111942000700129952011800136999001700254 a954 MAT aMathew K.S  aMartine Trade of the Malabar Coast aDelhibManohar Publishersc2016 a432 aHistory India cBK 00104070aHMIbHMId2016-04-06eFlipkartg1401.00l1m3o954 MATp25032r2022-08-22s2016-04-06w2016-04-06yBK c19998d19998